Formule 1 2023 - Pilotes, écuries et pays - Statistiques

Statistiques générales
  • Ce quiz a été pris 26 fois
  • Le résultat moyen est 34 sur 56
Statistiques - réponses
Réponse % Correct
Charles Leclerc
100%
Carlos Sainz
94%
Ferrari
94%
Lewis Hamilton
94%
Max Verstappen
94%
Mercedes
94%
Pierre Gasly
94%
Alpine
89%
Esteban Ocon
89%
Red Bull
89%
Sergio Pérez
89%
Williams
89%
Aston Martin
83%
Fernando Alonso
83%
Haas
83%
Lance Stroll
83%
McLaren
83%
Alexander Albon
78%
Lando Norris
78%
Valtteri Bottas
78%
Yuki Tsunoda
78%
George Russell
72%
Oscar Piastri
67%
AlphaTauri
61%
Arabie Saoudite - Djeddah
61%
Belgique - Spa-Francorchamps
61%
Nico Hülkenberg
61%
Alfa Romeo
56%
Bahreïn - Sakhir
56%
Daniel Ricciardo
56%
Qatar - Lusail
56%
Australie - Melbourne
50%
Monaco - Monaco
50%
Brésil - Interlagos
44%
Émirats Arabes Unis - Abou Dabi
44%
Espagne - Barcelone
44%
États Unis - Austin
44%
États Unis - Miami
44%
Guanyu Zhou
44%
Kevin Magnussen
44%
Logan Sargeant
44%
Pays-Bas - Zandvoort
44%
Autriche - Spielberg
39%
Chine - Shanghai
39%
États Unis - Las Vegas
39%
Grande-Bretagne - Silverstone
39%
Italie - Monza
39%
Azerbaïdjan - Bakou
33%
Singapour - Singapour
33%
Canada - Montréal
28%
Liam Lawson
28%
Mexique - Mexico City
28%
Nick De Vries
28%
Italie - Imola
22%
Hongrie - Budapest
11%
Japon - Suzuka
0%
Aucun quiz correspondant
Distribution des résultats
% des personnes avec chaque résultat
Percentile par nombre de réponses
Votre historique - résultats
Vous n’avez pas pris ce quiz